Classic Nickelodeon Quiz Stats

 Plays Quiz not verified by Sporcle

Score 0/14 Timer 05:00
0 Plays Today
Hint Show % Correct
Everyone's favorite talking babiesThe Rugrats
98.7%
'move it football head!'Hey Arnold
79%
The animal with 2 heads and no um 'bottom or tail end'. How exactly does that work?CatDog
74.6%
Ray and his kids, Otto and ReggieRocket Power
73%
Skeeter Valentine and Patti MayonnaiseDoug
67.2%
Is you be scared of the unlight places?Are You Afraid of The Dark?
61.2%
He's a wallaby?!?!?!Rockos Modern Life
60.1%
Hint Show % Correct
Your favorite sketch comedyAll That!
60.1%
The crazy chihuahua and his red cat friendThe Ren and Stimpy Show
52%
Norbert and DaggettThe Angry Beavers
48.2%
Nigel-The man with the biggest nose.......EVER!The Wild Thornberries
43.7%
'I like Eggs!!!'-DebbieThe Amanda Show
40.2%
Ickis, Krumm, and OblinaAaahh!!! Real Monsters
38.9%
Remember them best as the Good Buurger dudesKeenan and Kel
32.4%

You're not logged in!

Compare scores with friends on all Sporcle quizzes.
OR
Log In

Sporcle TV

Today on Sporcle TV


Watch our educational content, quiz creation guides, and fun videos on Sporcle TV.

Show Comments

Extras

Top Quizzes Today


Score Distribution

Your Account Isn't Verified!

In order to create a playlist on Sporcle, you need to verify the email address you used during registration. Go to your Sporcle Settings to finish the process.

Report this User

Report this user for behavior that violates our Community Guidelines.

Details: